| 000 | 00635nam a2200253 a 4500 | ||
|---|---|---|---|
| 001 | nice12345678 | ||
| 003 | IN_TiNIC | ||
| 005 | 20260116012719.0 | ||
| 008 | 050524s1979 lona grp 000 0 eng | ||
| 020 |
_a _c50 |
||
| 082 | 0 | 0 |
_a954.2 _bPEM |
| 100 | _aPemble, John | ||
| 245 | _aRaj, the Indian Mutliny, and the Kingdom of Oudh 1801-1859 | ||
| 260 |
_aLondan _bOxford University Press _c1979 |
||
| 300 | _a303p | ||
| 500 | _aincludes index and biblioraphy | ||
| 505 | 2 | _aIndex | |
| 650 | _aOudh-History | ||
| 650 | _aMutiny-India-1857 | ||
| 700 | 1 | _aPemble, John | |
| 902 | _bSRS | ||
| 942 | _cBK | ||
| 999 |
_c8063 _d8063 |
||